La iglesia tiene leyes

Сохранить в:
Библиографические подробности
Главный автор: Metz, René (autor)
Формат:
Язык:испанский
Опубликовано: Andorra la Vieja Casal i Vall 1960
Редактирование:1a. ed
Серии:Yo Sé-Yo Creo, 79
Предметы:
Метки: Добавить метку
Нет меток, Требуется 1-ая метка записи!

MARC

LEADER 00000cam a2200000 a 4500
001 UCE4084
003 CL-VaPUC
008 141009e19600000an |||||||||||||||||spa|d
082 0 4 |a 261.7  |b MET  |2 21 
100 |a Metz, René  |e autor  |9 576652 
245 1 3 |a La iglesia tiene leyes 
250 |a 1a. ed 
300 |a 158 p 
942 |c BK 
945 |d 20141009 14:36:00  |a dcastane 
260 |a Andorra la Vieja  |b Casal i Vall  |c 1960 
500 |a v.79 8º parte: la iglesia en su organización 
650 0 |a Derecho eclesiástico  |9 255055 
650 0 |a Leyes eclesiásticas  |9 399653 
583 |a last modification  |c 20141009 14:36:00  |k Rodrigo Vera 
490 0 |a Yo Sé-Yo Creo, 79 
999 |c 357162  |d 357160 
952 |0 0  |1 0  |3 erb  |4 0  |6 261_700000000000000_MET_1960  |7 0  |8 A  |9 464985  |a BIBTEO  |b BIBTEO  |i 4999274  |o 261.7 MET 1960  |p 4999274  |r 2025-01-17  |w 2019-11-23  |y BK  |z Catalogado en:20141009  |k ICR